| 000 -GUIDE |
| Champ de contrôle de longueur fixe |
01074nam a22002777a 4500 |
| 003 - IDENTITÉ DU NUMÉRO DE CONTRÔLE |
| Champ de contrôle |
BI-BuBU |
| 008 - ÉLÉMENTS DE LONGUEUR FIXE - RENSEIGNEMENTS GÉNÉRAUX |
| Champ de contrôle de longueur fixe |
160114t1987 fr ||||dr|||| 00| 0 fre d |
| 020 ## - INTERNATIONAL STANDARD BOOK NUMBER |
| ISBN |
2760504190 |
| 037 ## - SOURCE D'ACQUISITION |
| Source d'acquisition et du numéro d'inventaire |
Don canadien |
| 039 ## - NIVEAU DE CONTRÔLE BIBLIOGRAPHIQUE ET HISTORIQUE D'ENCODAGE [OBSOLETE] |
| Date creation |
20160114140622.0 |
| Nom catalographe |
Béatrice Barankeba |
| 040 ## - SOURCE DU CATALOGAGE |
| Organisme qui a effectué le catalogage original |
BI-BuBU |
| Code de la langue utilisée dans le catalogage |
fre |
| Organisme qui a effectué la transcription |
BI-BuBU |
| 041 0# - CODE DE LANGUE |
| Code de langue du texte/de la piste sonore ou du titre distinct |
fre |
| 080 ## - INDICE DE LA CLASSIFICATION DÉCIMALE UNIVERSELLE (CDU) |
| Indice de la Classification décimale universelle |
159.9 07 |
| 100 1# - VEDETTE PRINCIPALE - NOM DE PERSONNE |
| Code de relation |
aut. |
| Nom de personne |
Goyette, Gabriel |
| 245 13 - MENTION DU TITRE |
| Titre |
La recherche-action |
| Reste du titre |
ses fonctions, ses fondements et son instrumentation |
| Mention de responsabilité, etc. |
Gabriel Goyette et Michèle Lessard-Hébert |
| 260 ## - PUBLICATION, DIFFUSION, ETC. (ADRESSE BIBLIOGRAPHIQUE) |
| Lieu de publication, diffusion, etc. |
Québec |
| Nom de l'éditeur, diffuseur, etc. |
Presses de l'Université du Québec |
| Date of publication, distribution, etc |
1987 |
| 300 ## - DESCRIPTION MATÉRIELLE |
| Collation |
XI-204 p. |
| Autres caractéristiques matérielles |
couv. en coul. |
| Dimensions |
23 cm. |
| 504 ## - NOTE DE BIBLIOGRAPHIE ET INDEX. |
| Note de bibliographie et index. |
Bibliogr. |
| 650 #7 - VEDETTE-MATIÈRE - NOM COMMUN |
| Source du terme |
BI-BuBU |
| Vedette de sujet ou vedette comportant un nom géographique |
Recherche-action |
| Subdivision générale |
Fonction |
| 9 (RLIN) |
124279 |
| 650 #7 - VEDETTE-MATIÈRE - NOM COMMUN |
| Source du terme |
BI-BuBU |
| Vedette de sujet ou vedette comportant un nom géographique |
Recherche-action |
| Subdivision générale |
Fondement |
| 9 (RLIN) |
124280 |
| 650 #7 - VEDETTE-MATIÈRE - NOM COMMUN |
| Source du terme |
BI-BuBU |
| Vedette de sujet ou vedette comportant un nom géographique |
Recherche-action |
| Subdivision générale |
Instrumentation |
| 9 (RLIN) |
124281 |
| 700 1# - VEDETTE SECONDAIRE - NOM DE PERSONNE |
| Code de relation |
aut. |
| Nom d'auteur |
Lessard-Hébert, Michèle |
| 9 (RLIN) |
124282 |
| 942 ## - ÉLÉMENTS D'ENTRÉE ADDITIONNELLE (KOHA) |
| Source de la classification ou du système de rangement |
|
| Type d item koha |
BOOK |